000 00614nam a22002537a 4500
003 UA-OsUOA
001 27362
007 ta
008 20040625b un ||||| |||| 00| 0 ukr d
100 _aКричко В.А.
090 _a72
_bК82
942 _cBK
040 _aUA-OsUOA
_brus
_cUA-OsUOA
_dUA-OsUOA
245 _aАрхитектурные современники из прошлого
300 _a160 с.
955 _a0
041 _arus
080 _a72
020 _a5-274-00206-4
260 _aМосква
_bСтройиздат
_c1988
044 _aRU
650 7 _2UDC
999 _c313706
_d313706